000 00582nam a2200229Ia 4500
003 OSt
005 20221005131028.0
006 a|||||r|||| 00| 0
007 ta
008 221004b |||||||| |||| 00| 0 eng d
024 _a121851
037 _bGift, 06/10/2012,
_cTextual
040 _aCRL
_cCRL
_beng
041 _2eng
_aeng
082 _aV:71, M0
100 _aStuart Gene S
_9639021
245 0 _aSecrets from the past
260 _c1980
650 _aHISTORY
942 _hV:71, M0
_cTEXL
_2cc
999 _c1059126
_d1059126